000 00601nam a22001817a 4500
003 AM-YeHGA
005 20250617154001.0
008 180405s xxu||||| |||| 00| 0 rus d
040 _aAM-YeHGA
041 1 _arus
_hukr
100 1 _aВоронько, Платон Никитович,
_d1913-1988
245 1 0 _aСтихи :
_bСборник : [Пер. с укр.] /
_cПлатон Воронько.
260 _a[Москва] :
_bМолодая гвардия,
_c1951.
300 _a263 с. :
_bил.
650 1 4 _aУкраинская поэзия
_y20 в.
942 _2udc
_cBK
090 _c404382
999 _c402168
_d402168